| 000 | 00574nam a2200181Ia 4500 | ||
|---|---|---|---|
| 003 | GCL | ||
| 005 | 20240530095232.0 | ||
| 008 | 140319s9999 xx 000 0 ara d | ||
| 040 |
_aGCL / _cGCL |
||
| 082 | 0 | 4 |
_a551.0962 _bق/م م |
| 100 | 1 | _aمحمد صبرى محسوب | |
| 245 | 1 | 0 |
_aجيومورفولوجية مصر / _cمحمد صبرى محسوب |
| 300 |
_a383 ص ؛ _c24 سم |
||
| 650 | 0 | 4 | _aالجيولوجيا |
| 650 | 0 | 4 | _aمصر - الجغرافيا الطبيعية |
| 650 | 0 | 4 | _aمصر - الجغرافيا الطبيعية - خرائط |
| 942 |
_2ddc _cBK |
||
| 999 |
_c5258 _d5258 |
||